000 00516nam a2200181Ia 4500
003 0OSt
005 20260119103931.0
008 240810s9999 xx 000 0 und d
040 _aBiblioteca Geral-Universidade Lusíada de Angola
_cBULA
082 _m9(1)
_a 327
100 _aCHABAL ,Patrick; DALOZ ,Jean Pascoal
_9971
245 0 _aL`Afrique Est Partie
260 _aNew York ,
_beconomica
_c1994.
300 _a193p
650 _aPolitica
700 _aPatrick Chabal Jean pascal Daloz
942 _cLivros
_2ddc
999 _c565
_d565